000 00301nam a22001337a 4500
008 181018b xxu||||| |||| 00| 0 eng d
020 _a9780534169862
041 _aeng
080 _a159.9
100 _a49
101 _aPSI
245 _aWriting Papers in Psychology
_cRosnow, R.L
942 _2udc
_cBK
999 _c50163
_d50163